Physical fitness wellness and lifestyle (Record no. 29817)

MARC details
000 -LEADER
fixed length control field 00465nam a2200169Ia 4500
008 - FIXED-LENGTH DATA ELEMENTS--GENERAL INFORMATION
fixed length control field 230917s9999||||xx |||||||||||||| ||und||
020 ## - ISBN
Price RS650
040 ## - CATALOGING SOURCE
-- 252980
Original cataloging agency VIVEKANANDA LIBRARY
041 ## - Language
-- English
082 ## - DDC NUMBER
Classification number 613.7 S58P
100 ## - MAIN ENTRY--PERSONAL NAME
Personal name Sanjay Kumar
245 #0 - TITLE STATEMENT
Title Physical fitness wellness and lifestyle
260 ## - PUBLICATION, DISTRIBUTION, ETC. (IMPRINT)
Place of publication, distribution, etc New Delhi
Name of publisher, distributor, etc University Publication
Date of publication, distribution, etc 2017
300 ## - PHYSICAL DESCRIPTION
Pages vii, 152 p.
500 ## - GENERAL NOTE
General note 3394 02/01/2019 RBP19/73474 14/01/2019 Main Budget
942 ## - ADDED ENTRY ELEMENTS (KOHA)
Koha item type Books
Holdings
Withdrawn status Lost status Damaged status Not for loan Location (home branch) Sublocation or collection (holding branch) Date acquired Koha issues (times borrowed) Koha full call number Accession No. Koha date last seen Koha item type
        VIVEKANANDA LIBRARY VIVEKANANDA LIBRARY 05/02/2019   613.7 S58P 387188 17/09/2023 Books
        VIVEKANANDA LIBRARY VIVEKANANDA LIBRARY 05/02/2019   613.7 S58P 387189 17/09/2023 Books
        VIVEKANANDA LIBRARY VIVEKANANDA LIBRARY 05/02/2019   613.7 S58P 388372 17/09/2023 Books
        VIVEKANANDA LIBRARY VIVEKANANDA LIBRARY 05/02/2019   613.7 S58P 388373 17/09/2023 Books
© Designed and Maintained by Vivekananda Library, MDU Rohtak